Library of the University of Algiers 3
Ibrahim Sultan Cheibout
شعار جامعة الجزائر 3
مكتبة جامعة الجزائر 3
إبراهيم سلطان شيبوط

مبادئ التحليل الحقيقي / (رقم التسجيلة. 42940)

تفاصيل مارك
000 -LEADER
fixed length control field 00937nam a2200217Ia 4500
003 - CONTROL NUMBER IDENTIFIER
control field Ost
005 - DATE AND TIME OF LATEST TRANSACTION
control field 20260507075113.0
008 - FIXED-LENGTH DATA ELEMENTS--GENERAL INFORMATION
fixed length control field 260507s9999||||xx |||||||||||||| ||und||
040 ## - CATALOGING SOURCE
Transcribing agency fsecg
041 ## - LANGUAGE CODE
Language code of text/sound track or separate title ara
082 ## - DEWEY DECIMAL CLASSIFICATION NUMBER
Classification number 500
100 ## - MAIN ENTRY--PERSONAL NAME
Personal name كتكت، محمود محمد
Relator term مؤلف
245 #0 - TITLE STATEMENT
Title مبادئ التحليل الحقيقي /
Statement of responsibility, etc. محمود محمد كتكت
260 ## - PUBLICATION, DISTRIBUTION, ETC.
Place of publication, distribution, etc. عمان:
Name of publisher, distributor, etc. جهينة للنشر,
Date of publication, distribution, etc. 2001
300 ## - PHYSICAL DESCRIPTION
Extent 440 صفحة؛
Other physical details إيضاحات ؛
Dimensions 24 سم
504 ## - BIBLIOGRAPHY, ETC. NOTE
Bibliography, etc. note ببليوغرافيا:ص.191 كشاف المصطلحات:ص.433-440
520 ## - SUMMARY, ETC.
Summary, etc. الأعداد الحقيقية،متتاليات ومتسلسلات الأعداد الحقيقية،النهاية والاتصال والاشتقاق للإقترانات،متتاليات ومتسلسلات الاقترانات،التكامل
653 ## - INDEX TERM--UNCONTROLLED
Uncontrolled term التحليل الرياضي
653 ## - INDEX TERM--UNCONTROLLED
Uncontrolled term الرياضيات
942 ## - ADDED ENTRY ELEMENTS (KOHA)
Koha item type كتب
المقتنيات
Withdrawn status Lost status Source of classification or shelving scheme Damaged status Not for loan Home library Current library Date acquired Serial enumeration / chronology Inventory number Total checkouts Full call number Barcode Date last seen Price effective from Koha item type
    Dewey Decimal Classification   NOT LOAN / إعارة داخلية مكتبة كلية العلوم الإقتصادية والعلوم التجارية وعلوم التسيير مكتبة كلية العلوم الإقتصادية والعلوم التجارية وعلوم التسيير 07/05/2026 الطابق الأرضي 1547/1   أ/1547ن1 1547/1 07/05/2026 07/05/2026 كتب
    Dewey Decimal Classification   Available مكتبة كلية العلوم الإقتصادية والعلوم التجارية وعلوم التسيير مكتبة كلية العلوم الإقتصادية والعلوم التجارية وعلوم التسيير 07/05/2026 الطابق الثاني 1547/2   أ/1547ن2 1547/2 07/05/2026 07/05/2026 كتب

موارد الويب المفتوحة


© University of Algiers 3 All Rights Reserved
|
Implemented by LECHELAH Riad